00827 2200205 4500001002100000005001700021008004100038035002500079082001100104090002100115110005100136245020600187260005400393300002700447500002600474650004100500710005000541850001200591990001800603YOGYA-0209000004489320150420184342.0 ind  a0010-020900000044893 a343.08 aRQ 343.08bInd H aINDONESIA. Departemen Perdagangan dan Koperasi aHimpunan peraturan di bidang perdagangan dan koperasi tahun 1980bperdagangan dalam negericDepartemen Perdagangan dan Koperasi ; dihimpun dan disusun oleh Yayasan Penyuluhan dan Penerangan Perdagangan aJakartabBiro Hukum dan Hubungan Masyarakatc1981 a... jilidbilusc27 cm aYang diterima : jl. I aPerdagangan Dalam Negeri - Peraturan aYayasan Penyuluhan dan Penerangan Perdagangan aYOPDYOG a26849-PD/A.09